Japan: profile of a nation

Պահպանված է:
Մատենագիտական մանրամասներ
Ձևաչափ: Գիրք
Լեզու:անգլերեն
Հրապարակվել է: Tokio Kodansha International 1994
Հրատարակություն:1a. ed
Խորագրեր:
Ցուցիչներ: Ավելացրեք ցուցիչ
Չկան պիտակներ, Եղեք առաջինը, ով նշում է այս գրառումը!

MARC

LEADER 00000nam a2200000 a 4500
001 UCI1193
003 CL-VaPUC
008 070622e19940000JA |||||||||||||||||eng|d
020 |a 4770018924 
082 0 4 |a 952  |b JAP  |2 21 
245 1 0 |a Japan: profile of a nation 
250 |a 1a. ed 
300 |a 360 p 
942 |c BK 
945 |d 20070622 00:00:00  |a jtorresc 
260 |a Tokio  |b Kodansha International  |c 1994 
650 7 |a ESTADO Y NACION  |2 CL-VaPUC  |9 440817 
650 0 |a Historia  |9 255047 
650 0 |a Geografía  |9 259346 
651 0 |a Japón   |9 260391 
583 |a last modification  |c 20070622 00:00:00  |k Rodrigo Vera 
999 |c 326034  |d 326032 
952 |0 0  |1 0  |4 0  |6 952_000000000000000_JAP_1994  |7 0  |8 A  |9 407651  |a BIBGIM  |b BIBGIM  |d 2019-11-22  |i 4277961  |o 952 JAP 1994  |p 4277961  |r 2025-01-15  |w 2019-11-22  |y BK  |k ORI